[Event "Oebro CXU Nytaar 2023"]
[Site "Copenhagen"]
[Date "2023.12.28"]
[Round "3"]
[Board "3"]
[White "Nielsen, Viktor Haarmark"]
[Black "Hansen, Soren Bech"]
[Result "0-1"]
[WhiteElo "2365"]
[BlackElo "2170"]
[PlyCount "121"]
[EventDate "2023.12.27"]
[EventType "swiss"]
[EventRounds "7"]
[EventCountry "DEN"]
[SourceTitle "Live v. Freja Gronnemose"]

1. d4 Nf6 2. c4 e6 3. g3 Bb4+ 4. Bd2 Qe7 5. Nf3 O-O 
6. Bg2 d5 7. O-O Bxd2 8. Nbxd2 b6 9. Qc2 Bb7 10. Rac1 10... 
Na6 11. cxd5 exd5 12. Rfe1 c5 13. dxc5 bxc5 14. Nh4 g6 15. a3 
Rfe8 16. Bh3 Rab8 17. Ng2 Ba8 18. Nf3 Ne4 19. Nf4 Qf6 20. b3 
20... Qb6 21. Rb1 c4 22. bxc4 Qxf2+ 23. Kh1 dxc4 24. Bg2 Qe3 25. 
Nh3 c3 26. Qd3 Qxd3 27. exd3 Rxb1 28. Rxb1 Nd2 29. Re1 Rd8 30. 
Nxd2 30... cxd2 31. Rd1 Bxg2+ 32. Kxg2 Rxd3 33. Kf2 Nc5 34. Ke2 Rxa3 
35. Rxd2 Ne6 36. Nf2 a5 37. Rd7 a4 38. Ng4 Ra2+ 39. Ke3 Ra3+ 
40. Kf2 40... Nc5 41. Ra7 Nd3+ 42. Ke2 Kg7 43. Ra5 h5 44. Ne3 
Nc1+ 45. Kf2 Nb3 46. Ra7 Nd4 47. Nc4 Ra2+ 48. Ke3 Nf5+ 49. Kf3 
Rxh2 50. Ne5 50... Kf6 51. Nd7+ Kg5 52. Nc5 Nd4+ 53. Ke3 Nc2+ 54. 
Kf3 a3 55. Ne4+ Kh6 56. Nf2 f5 57. Ra6 Kg5 58. Nd3 a2 59. 
Nf4 Ne1+ 60. Ke3 60... Ng2+ 61. Kd4 0-1

[Event "Oebro CXU Nytaar 2023"]
[Site "Copenhagen"]
[Date "2023.12.28"]
[Round "3"]
[Board "4"]
[White "Gregor, Bjarke"]
[Black "Jacobsen, Mikkel Manosri"]
[Result "0-1"]
[WhiteElo "2172"]
[BlackElo "2322"]
[PlyCount "98"]
[EventDate "2023.12.27"]
[EventType "swiss"]
[EventRounds "7"]
[EventCountry "DEN"]
[SourceTitle "Live v. Freja Gronnemose"]

1. e4 c6 2. d4 d5 3. Nd2 dxe4 4. Nxe4 Nf6 5. Nxf6+ exf6 
6. c3 Bd6 7. Bd3 O-O 8. Qc2 Re8+ 9. Ne2 h5 10. Bd2 10... 
Nd7 11. O-O-O Nf8 12. c4 b5 13. cxb5 cxb5 14. Bxb5 Re7 15. Kb1 
Rb8 16. Bc4 Qb6 17. Bc3 Qc6 18. Bd3 Qxg2 19. Ng3 Qf3 20. Ne4 
20... Bf4 21. Rde1 Kh8 22. Nc5 Bg4 23. Rxe7 Qxh1+ 24. Re1 Qxh2 25. 
Be4 Bg5 26. Nd3 g6 27. Rh1 Qd6 28. d5 Bd7 29. f4 Bh6 30. 
Ne5 30... Be8 31. Qe2 Bxf4 32. Rxh5+ gxh5 33. Qxh5+ Kg7 34. Ng4 Ng6 
35. Bxf6+ Qxf6 36. Nxf6 Kxf6 37. Bxg6 fxg6 38. Qh8+ Kg5 39. Qd4 Bd7 
40. Qg1+ 40... Kf6 41. b3 Bf5+ 42. Kb2 Be5+ 43. Ka3 Bd6+ 44. Ka4 
Rb6 45. Qf1 Ke7 46. Qe1+ Kd8 47. Qh4+ Kc7 48. Qh7+ Bd7+ 49. Ka5 
Bb4# 0-1

[Event "Oebro CXU Nytaar 2023"]
[Site "Copenhagen"]
[Date "2023.12.28"]
[Round "3"]
[Board "5"]
[White "Terryn, Ezra"]
[Black "Nilssen, Ellen Fredericia"]
[Result "1/2-1/2"]
[WhiteElo "2217"]
[BlackElo "2193"]
[PlyCount "63"]
[EventDate "2023.12.27"]
[EventType "swiss"]
[EventRounds "7"]
[EventCountry "DEN"]
[SourceTitle "Live v. Freja Gronnemose"]

1. e4 c5 2. b4 cxb4 3. a3 d5 4. exd5 Qxd5 5. Nf3 e5 
6. c4 Qd8 7. Bb2 Nc6 8. Nxe5 Nf6 9. Nxc6 bxc6 10. Be2 10... 
bxa3 11. Nxa3 Bd6 12. O-O O-O 13. Bf3 Bf5 14. d4 Qb8 15. Bxc6 
Bxh2+ 16. Kh1 Qf4 17. Qf3 Qh4 18. Qxf5 Ng4 19. Qxg4 Qxg4 20. Kxh2 
20... Rab8 21. Bc3 Rb3 22. Nb5 a6 23. Ra3 Qe2 24. Rxb3 Qxf1 25. 
Nd6 Qxf2 26. c5 Qf4+ 27. Kg1 Qe3+ 28. Kh2 Qf4+ 29. Kg1 Qc1+ 30. 
Kh2 30... Qf4+ 31. Kg1 Qc1+ 32. Kh2 1/2-1/2

[Event "Oebro CXU Nytaar 2023"]
[Site "Copenhagen"]
[Date "2023.12.28"]
[Round "3"]
[Board "6"]
[White "Porte, Henrik"]
[Black "Thuesen, Mogens Henrik"]
[Result "0-1"]
[WhiteElo "2153"]
[BlackElo "2036"]
[PlyCount "86"]
[EventDate "2023.12.27"]
[EventType "swiss"]
[EventRounds "7"]
[EventCountry "DEN"]
[SourceTitle "Live v. Freja Gronnemose"]

1. d4 Nf6 2. c4 g6 3. Nc3 Bg7 4. e4 d6 5. Nf3 O-O 
6. Be2 e5 7. O-O Nc6 8. d5 Ne7 9. b4 a5 10. Ba3 10... 
Nd7 11. Re1 axb4 12. Bxb4 h6 13. Nd2 f5 14. Nb3 b6 15. a4 
fxe4 16. Nxe4 Nf6 17. Bd3 Bf5 18. Nbd2 Qd7 19. Qc2 Ra7 20. Ra2 
20... Rfa8 21. Rea1 Nxe4 22. Nxe4 Bxe4 23. Bxe4 Nf5 24. Bc3 Nd4 25. 
Qd1 Qf7 26. h3 Nf5 27. Qb1 Bf8 28. a5 bxa5 29. Rxa5 Rxa5 30. 
Rxa5 30... Rc8 31. Ra7 Qd7 32. g4 Nh4 33. Bxg6 Qd8 34. Bf5 Ra8 
35. Be6+ Kh8 36. Rxa8 Qxa8 37. Qd3 Bg7 38. Qe3 Qa2 39. c5 Qb1+ 
40. Kh2 40... Qf1 41. Kg3 Ng2 42. Qf3 Nf4 43. Kh2 Ne2 0-1

[Event "Oebro CXU Nytaar 2023"]
[Site "Copenhagen"]
[Date "2023.12.28"]
[Round "3"]
[Board "7"]
[White "Skou, Niels"]
[Black "Wahlgreen, Noah Krug"]
[Result "1/2-1/2"]
[WhiteElo "2115"]
[BlackElo "1968"]
[PlyCount "147"]
[EventDate "2023.12.27"]
[EventType "swiss"]
[EventRounds "7"]
[EventCountry "DEN"]
[SourceTitle "Live v. Freja Gronnemose"]

1. d4 d5 2. c4 e6 3. Nc3 a6 4. cxd5 exd5 5. Bf4 Nf6 
6. Nf3 h6 7. e3 Bd6 8. Bxd6 Qxd6 9. Ne5 Bf5 10. Bd3 10... 
Bxd3 11. Qxd3 c5 12. O-O O-O 13. Rac1 cxd4 14. Qxd4 Nc6 15. Nxc6 
bxc6 16. Na4 Rab8 17. a3 Rfe8 18. Nc5 Ne4 19. Rfd1 Nxc5 20. Rxc5 
20... Rxb2 21. Rxc6 Qxc6 22. Qxb2 Rc8 23. h3 Qc3 24. Qb7 Rc6 25. 
Rxd5 Rf6 26. Rd8+ Kh7 27. Qb1+ Rg6 28. Rd3 Qc6 29. g3 Qf3 30. 
Rd4 30... Qh5 31. Kg2 Qc5 32. Qd3 Kg8 33. Rd8+ Kh7 34. h4 Qc6+ 
35. Kg1 Qc1+ 36. Kh2 Qb2 37. Kg2 Qb7+ 38. Qd5 Qxd5+ 39. Rxd5 Rc6 
40. h5 40... Kg8 41. Rd8+ Kh7 42. Rd7 Kg8 43. Rd8+ Kh7 44. g4 
Rc4 45. Rd4 Rc5 46. Kg3 f5 47. Ra4 fxg4 48. Kxg4 Rg5+ 49. Kh4 
a5 50. f4 50... Rb5 51. Kg4 Kg8 52. e4 Kf7 53. e5 Ke6 54. 
Rc4 Rb3 55. Rc6+ Kd5 56. Rc7 Rxa3 57. Rxg7 Ke4 58. Rc7 Ra1 59. 
Rc4+ Kd5 60. Rc2 60... Ke4 61. Re2+ Kd3 62. Rg2 Ke4 63. e6 Re1 
64. f5 Ke5 65. Ra2 Rg1+ 66. Kf3 Kxf5 67. e7 Rg8 68. Rxa5+ Kf6 
69. Ra6+ Kxe7 70. Rxh6 70... Kf7 71. Kf4 Kg7 72. Ra6 Rb8 73. Ra5 
Kh6 74. Rc5 1/2-1/2

[Event "Oebro CXU Nytaar 2023"]
[Site "Copenhagen"]
[Date "2023.12.28"]
[Round "3"]
[Board "8"]
[White "Petersen, Nils"]
[Black "Borge, Nikolaj"]
[Result "0-1"]
[WhiteElo "1830"]
[BlackElo "2402"]
[PlyCount "94"]
[EventDate "2023.12.27"]
[EventType "swiss"]
[EventRounds "7"]
[EventCountry "DEN"]
[SourceTitle "Live v. Freja Gronnemose"]

1. c4 c5 2. g3 Nc6 3. Bg2 e5 4. Nc3 Nge7 5. Nf3 d6 
6. O-O g6 7. a3 Bg7 8. Rb1 a5 9. d3 O-O 10. Ne1 10... 
Be6 11. Bg5 f6 12. Be3 Qd7 13. Nc2 Bh3 14. Nd5 Bxg2 15. Nxe7+ 
Nxe7 16. Kxg2 Qc6+ 17. f3 d5 18. cxd5 Nxd5 19. Qd2 Rfd8 20. Rfc1 
20... b6 21. Ne1 a4 22. Bf2 h5 23. e4 Nc7 24. Be3 Kh7 25. 
b4 axb3 26. Rxb3 Bf8 27. Qb2 Ra6 28. d4 exd4 29. Bxd4 Bg7 30. 
Qf2 30... Qa4 31. Rd3 Nb5 32. Bxc5 Rxd3 33. Nxd3 bxc5 34. Nxc5 Qxa3 
35. Rb1 Rb6 36. Rb3 Qa8 37. Nd7 Rd6 38. Nxf6+ Bxf6 39. Rxb5 Qd8 
40. Qa7+ 40... Bg7 41. Rb7 Rd2+ 42. Kh3 Qc8+ 43. g4 hxg4+ 44. Kg3 
Qc3 45. Rf7 Qe5+ 46. f4 Qc3+ 47. Kxg4 Rg2+ 0-1

[Event "Oebro CXU Nytaar 2023"]
[Site "Copenhagen"]
[Date "2023.12.28"]
[Round "3"]
[Board "9"]
[White "Ramsdal, Mikkel"]
[Black "Jarlskov, Daniel Tuk Hartso"]
[Result "1/2-1/2"]
[WhiteElo "1800"]
[BlackElo "2135"]
[PlyCount "69"]
[EventDate "2023.12.27"]
[EventType "swiss"]
[EventRounds "7"]
[EventCountry "DEN"]
[SourceTitle "Live v. Freja Gronnemose"]

1. d4 d5 2. c4 e6 3. Nf3 Nf6 4. g3 Be7 5. Bg2 O-O 
6. O-O dxc4 7. Ne5 Nc6 8. Bxc6 bxc6 9. Nxc6 Qe8 10. Nxe7+ 10... 
Qxe7 11. Qa4 e5 12. dxe5 Qxe5 13. Nc3 Be6 14. Bf4 Qc5 15. Be3 
Qh5 16. f3 Nd5 17. Nxd5 Bxd5 18. Bf4 f5 19. Bxc7 Qf7 20. Ba5 
20... f4 21. g4 h5 22. h3 Rfe8 23. Qd1 Rab8 24. Bc3 Rbd8 25. 
Qc2 Qe7 26. Qg6 hxg4 27. hxg4 Rd7 28. Rf2 Qe3 29. Rd1 Re6 30. 
Qg5 30... Red6 31. Be5 Bxf3 32. Bxd6 Rxd6 33. Rxd6 Qc1+ 34. Rf1 Qe3+ 
35. Rf2 1/2-1/2

[Event "Oebro CXU Nytaar 2023"]
[Site "Copenhagen"]
[Date "2023.12.28"]
[Round "3"]
[Board "10"]
[White "Moller, Arne Vagn"]
[Black "Lauritsen, Martin Lee"]
[Result "1/2-1/2"]
[WhiteElo "1780"]
[BlackElo "2112"]
[PlyCount "61"]
[EventDate "2023.12.27"]
[EventType "swiss"]
[EventRounds "7"]
[EventCountry "DEN"]
[SourceTitle "Live v. Freja Gronnemose"]

1. e4 Nf6 2. e5 Ng8 3. Nf3 d6 4. exd6 cxd6 5. d4 g6 
6. h3 Bg7 7. Bd3 Nf6 8. O-O O-O 9. Nbd2 Nc6 10. c3 10... 
Re8 11. Ne4 Nxe4 12. Bxe4 d5 13. Bc2 Qd6 14. Bg5 f6 15. Bh4 
Be6 16. Bg3 Qd7 17. Kh2 Kh8 18. Nh4 Bf7 19. f4 e5 20. fxe5 
20... fxe5 21. Qf3 Kg8 22. dxe5 Nxe5 23. Qf2 Nc4 24. Rae1 d4 25. 
Ba4 Qd5 26. Bxe8 Bxe8 27. Re7 Bc6 28. Qf7+ Qxf7 29. Rfxf7 Bf8 30. 
Rc7 30... Re8 31. cxd4 1/2-1/2

[Event "Oebro CXU Nytaar 2023"]
[Site "Copenhagen"]
[Date "2023.12.28"]
[Round "3"]
[Board "11"]
[White "Slavensky, Asbjorn Vesterkaer"]
[Black "Moe, Mogens"]
[Result "1/2-1/2"]
[WhiteElo "1722"]
[BlackElo "2063"]
[PlyCount "103"]
[EventDate "2023.12.27"]
[EventType "swiss"]
[EventRounds "7"]
[EventCountry "DEN"]
[SourceTitle "Live v. Freja Gronnemose"]

1. d4 Nf6 2. Nf3 g6 3. c4 Bg7 4. Nc3 d5 5. cxd5 Nxd5 
6. e4 Nxc3 7. bxc3 c5 8. Bb5+ Nc6 9. O-O O-O 10. Bxc6 10... 
bxc6 11. h3 Qa5 12. Be3 Ba6 13. Re1 Rfd8 14. Qc2 cxd4 15. Bxd4 
e5 16. Be3 Bd3 17. Qc1 f6 18. Bh6 Bxh6 19. Qxh6 Rac8 20. g4 
20... Qxc3 21. g5 f5 22. exf5 Bxf5 23. Nxe5 Qxh3 24. Qxh3 Bxh3 25. 
Rad1 Rxd1 26. Rxd1 c5 27. Kh2 Bf5 28. Rc1 Be6 29. a3 c4 30. 
Rc3 30... Kf8 31. Kg3 Rb8 32. Nxc4 Bxc4 33. Rxc4 Rb3+ 34. Kf4 Rxa3 
35. Rc8+ Ke7 36. Rc7+ Ke6 37. Rxh7 Ra4+ 38. Kg3 Kf5 39. Rf7+ Kxg5 
40. f4+ 40... Kh6 41. Kf3 Ra1 42. Ke2 a5 43. Kd2 Ra4 44. Ke3 
Rb4 45. Ra7 Rb5 46. Kf3 g5 47. fxg5+ Kxg5 48. Ke3 Kf5 49. Kd3 
Ke6 50. Kc4 50... Rh5 51. Kb3 Kd6 52. Ka4 1/2-1/2

[Event "Oebro CXU Nytaar 2023"]
[Site "Copenhagen"]
[Date "2023.12.28"]
[Round "3"]
[Board "12"]
[White "Kakulidis, Ellen"]
[Black "Moller, Silas Ingemann"]
[Result "1-0"]
[WhiteElo "2054"]
[BlackElo "1809"]
[PlyCount "153"]
[EventDate "2023.12.27"]
[EventType "swiss"]
[EventRounds "7"]
[EventCountry "DEN"]
[SourceTitle "Live v. Freja Gronnemose"]

1. d4 Nf6 2. g3 d5 3. Nf3 c6 4. c4 Bf5 5. Nc3 e6 
6. Nh4 Bg4 7. h3 Bh5 8. Qb3 Qb6 9. c5 Qxb3 10. axb3 10... 
Nbd7 11. g4 Bg6 12. Nxg6 hxg6 13. Bg2 e5 14. e3 Nh7 15. b4 
f5 16. b5 Nhf6 17. bxc6 bxc6 18. g5 Ne4 19. Nxe4 fxe4 20. Bd2 
20... Rh4 21. b4 Be7 22. Bf1 Bxg5 23. b5 exd4 24. exd4 Bxd2+ 25. 
Kxd2 Nf6 26. b6 a5 27. Rg1 Kf7 28. Ke3 a4 29. Ra3 Ng8 30. 
Kd2 30... Rf4 31. Ke1 Ne7 32. b7 Rb8 33. Ba6 Nf5 34. Rxa4 Rf3 
35. Ke2 Rxh3 36. Rb1 e3 37. Bd3 exf2 38. Bxf5 gxf5 39. Ra8 f1=Q+ 
40. Rxf1 40... Rxb7 41. Rxf5+ Kg6 42. Rf2 Rb2+ 43. Kf1 Rxf2+ 44. Kxf2 
Kf5 45. Kg2 Re3 46. Rf8+ Ke4 47. Rc8 Kxd4 48. Rxc6 Rc3 49. Rg6 
Kxc5 50. Rxg7 50... Re3 51. Kf2 Re8 52. Rg1 d4 53. Re1 Rh8 54. 
Rc1+ Kd5 55. Ke2 Ke4 56. Rc7 Rh2+ 57. Kd1 Kd3 58. Ke1 Rh1+ 59. 
Kf2 Kd2 60. Ra7 60... d3 61. Ra2+ Kc3 62. Ra3+ Kc2 63. Ra2+ Kb3 
64. Ra8 Kc2 65. Rc8+ Kd1 66. Ra8 Rh2+ 67. Ke3 Rh3+ 68. Kd4 d2 
69. Re8 Rh5 70. Kc3 70... Rc5+ 71. Kd3 Kc1 72. Ke2 Rd5 73. Kf3 
d1=Q+ 74. Kf4 Qd2+ 75. Kg3 Rd4 76. Kf3 Rd3+ 77. Ke4 1-0

[Event "Oebro CXU Nytaar 2023"]
[Site "Copenhagen"]
[Date "2023.12.28"]
[Round "3"]
[Board "13"]
[White "Ramsdal, Lasse Andreas"]
[Black "Ertbjerg, Andreas Lund"]
[Result "0-1"]
[WhiteElo "1688"]
[BlackElo "2020"]
[PlyCount "86"]
[EventDate "2023.12.27"]
[EventType "swiss"]
[EventRounds "7"]
[EventCountry "DEN"]
[SourceTitle "Live v. Freja Gronnemose"]

1. d4 Nf6 2. c4 d6 3. Nf3 g6 4. g3 Bg7 5. Bg2 O-O 
6. O-O c6 7. b3 a5 8. Nbd2 e5 9. e3 Re8 10. Bb2 10... 
e4 11. Ng5 Bf5 12. d5 Nxd5 13. Nxf7 Kxf7 14. Bxg7 Kxg7 15. cxd5 
cxd5 16. Nb1 Qf6 17. Na3 Qe5 18. Nb5 Na6 19. Rc1 Rac8 20. Qd4 
20... Qxd4 21. Nxd4 Kf6 22. Rfd1 Bg4 23. Rxc8 Rxc8 24. f3 exf3 25. 
Bxf3 Bxf3 26. Rf1 Ke5 27. Rxf3 Rc1+ 28. Kf2 Ra1 29. Rf7 Nc5 30. 
Re7+ 30... Kf6 31. Rxh7 Ne4+ 32. Ke2 Rxa2+ 33. Ke1 Nc5 34. Nb5 Rb2 
35. Nd4 b6 36. Rh8 Nxb3 37. Rd8 Nxd4 38. exd4 Ke6 39. Rg8 Kf5 
40. Rd8 40... a4 41. Rxd6 a3 42. Rxd5+ Ke4 43. Rd8 a2 0-1

[Event "Oebro CXU Nytaar 2023"]
[Site "Copenhagen"]
[Date "2023.12.28"]
[Round "3"]
[Board "14"]
[White "Brondal, Paul"]
[Black "Petersen, Lasse Emil"]
[Result "1/2-1/2"]
[WhiteElo "1981"]
[BlackElo "1798"]
[PlyCount "119"]
[EventDate "2023.12.27"]
[EventType "swiss"]
[EventRounds "7"]
[EventCountry "DEN"]
[SourceTitle "Live v. Freja Gronnemose"]

1. c4 e5 2. Nc3 Nc6 3. Nf3 Nf6 4. g3 Bc5 5. d3 d6 
6. Bg2 Bf5 7. a3 a6 8. e3 Qd7 9. d4 Ba7 10. dxe5 10... 
dxe5 11. Qxd7+ Bxd7 12. Nd5 O-O-O 13. b4 Be6 14. Nxf6 gxf6 15. Nd2 
Ne7 16. Bb2 Rhe8 17. O-O-O c6 18. Bf1 Bg4 19. Re1 Rd7 20. Be2 
20... Bxe2 21. Rxe2 Ng8 22. c5 Bb8 23. Nc4 Bc7 24. Rd2 Red8 25. 
Rxd7 Rxd7 26. Rd1 Rxd1+ 27. Kxd1 Kd7 28. e4 Ne7 29. Ne3 a5 30. 
Nc4 30... axb4 31. axb4 Nc8 32. Ke2 Na7 33. Ne3 Nb5 34. Kd3 b6 
35. Nc4 bxc5 36. bxc5 Bd8 37. Bc1 Nd4 38. Be3 Nb5 39. f4 Bc7 
40. f5 40... Bd8 41. Bc1 Bc7 42. Bb2 Bb8 43. Ne3 Bc7 44. Ng4 
Ke7 45. Ne3 Ba5 46. Nc2 Kd7 47. Na3 Nxa3 48. Bxa3 Be1 49. Kc4 
Bf2 50. Bc1 50... h5 51. Bd2 Bd4 52. h3 Bf2 53. g4 hxg4 54. 
hxg4 Bh4 55. Be3 Bg5 56. Bxg5 fxg5 57. Kb4 Kc7 58. Ka4 f6 59. 
Kb4 Kb7 60. Ka5 1/2-1/2

[Event "Oebro CXU Nytaar 2023"]
[Site "Copenhagen"]
[Date "2023.12.28"]
[Round "3"]
[Board "15"]
[White "Mortensen, Henrik"]
[Black "Kokholm, Daniel"]
[Result "1/2-1/2"]
[WhiteElo "1952"]
[BlackElo "1762"]
[PlyCount "28"]
[EventDate "2023.12.27"]
[EventType "swiss"]
[EventRounds "7"]
[EventCountry "DEN"]
[SourceTitle "Live v. Freja Gronnemose"]

1. Nf3 d6 2. d4 Nd7 3. e4 e5 4. Nc3 Ngf6 5. h3 Be7 
6. Be3 c6 7. a4 a5 8. Be2 Qc7 9. O-O h6 10. Qd2 10... 
g5 11. Nh2 Nf8 12. dxe5 dxe5 13. f3 Ng6 14. Rfd1 Be6 1/2-1/2

[Event "Oebro CXU Nytaar 2023"]
[Site "Copenhagen"]
[Date "2023.12.28"]
[Round "3"]
[Board "16"]
[White "Wehding, Anton Bonsvig"]
[Black "Borge, Jannik"]
[Result "0-1"]
[WhiteElo "1935"]
[BlackElo "1500"]
[PlyCount "86"]
[EventDate "2023.12.27"]
[EventType "swiss"]
[EventRounds "7"]
[EventCountry "DEN"]
[SourceTitle "Live v. Freja Gronnemose"]

1. c4 Nf6 2. g3 e6 3. Bg2 Be7 4. Nf3 c5 5. b3 O-O 
6. Bb2 d5 7. O-O d4 8. e3 Nc6 9. exd4 cxd4 10. Re1 10... 
Re8 11. d3 Bb4 12. Nbd2 e5 13. a3 Ba5 14. b4 Bc7 15. Qc2 
a5 16. b5 Nb8 17. a4 Nbd7 18. Ba3 Nb6 19. Bc5 Nbd7 20. Ba3 
20... Nb6 21. c5 Nbd5 22. Nc4 Nc3 23. Nfxe5 Nfd5 24. Bb2 Bf5 25. 
Bxc3 dxc3 26. Be4 Bxe5 27. Bxf5 Qf6 28. Bxh7+ Kh8 29. Nxe5 Rxe5 30. 
Be4 30... Nb4 31. Qb3 Rae8 32. c6 Nxd3 33. Qc2 Nxe1 34. Rxe1 bxc6 
35. bxc6 Qe7 36. c7 Qxc7 37. f4 Qb6+ 38. Kh1 R5e7 39. Qg2 Qh6 
40. f5 40... Qd2 41. Re2 Qd1+ 42. Qg1 Qxg1+ 43. Kxg1 Rxe4 0-1

[Event "Oebro CXU Nytaar 2023"]
[Site "Copenhagen"]
[Date "2023.12.28"]
[Round "3"]
[Board "17"]
[White "Sorensen, Peter"]
[Black "Jalving, August"]
[Result "1-0"]
[WhiteElo "1664"]
[BlackElo "1933"]
[PlyCount "137"]
[EventDate "2023.12.27"]
[EventType "swiss"]
[EventRounds "7"]
[EventCountry "DEN"]
[SourceTitle "Live v. Freja Gronnemose"]

1. d4 Nf6 2. Nf3 d5 3. g3 g6 4. Bg2 Bg7 5. O-O O-O 
6. c4 c6 7. b3 dxc4 8. bxc4 c5 9. e3 Nc6 10. Nc3 10... 
Ne8 11. Ne2 Be6 12. Bb2 Bxc4 13. Qc2 Ba6 14. Rfd1 Nb4 15. Qd2 
Nd3 16. Bc3 Nd6 17. dxc5 Ne4 18. Qc2 Nexf2 19. Bxg7 Kxg7 20. Nf4 
20... Nxd1 21. Rxd1 Nxf4 22. Rxd8 Ne2+ 23. Kf2 Rfxd8 24. Bf1 Rac8 25. 
Bxe2 Bxe2 26. Kxe2 Kg8 27. Nd4 b6 28. c6 e5 29. Nf3 f6 30. 
Nd2 30... Rd6 31. c7 Rd7 32. Qc6 Rf7 33. Ne4 Rcxc7 34. Nxf6+ Kh8 
35. Qe8+ Kg7 36. Qxe5 Rc5 37. Nd5+ Kh6 38. Qe4 Rf5 39. Qh4+ Kg7 
40. e4 40... Rc2+ 41. Kd3 Rff2 42. Qe7+ Kh6 43. Qxa7 Rfd2+ 44. Ke3 
Re2+ 45. Kf4 Rc4 46. Ne3 Rf2+ 47. Ke5 Rc5+ 48. Ke6 Rc6+ 49. Ke7 
Kg7 50. Ke8+ 50... Kg8 51. Qe7 Rcf6 52. Ng4 Rf8+ 53. Kd7 h5 54. 
Nxf2 Rxf2 55. h4 Rf7 56. Ke6 Rxe7+ 57. Kxe7 Kg7 58. e5 g5 59. 
hxg5 h4 60. gxh4 60... b5 61. Kd7 b4 62. e6 b3 63. axb3 Kh7 
64. h5 Kg7 65. e7 Kh7 66. e8=Q Kg7 67. h6+ Kh7 68. Qf7+ Kh8 
69. Qg7# 1-0

[Event "Oebro CXU Nytaar 2023"]
[Site "Copenhagen"]
[Date "2023.12.28"]
[Round "3"]
[Board "18"]
[White "Veiergang, Oscar Jacob"]
[Black "Emborg, Jens"]
[Result "1-0"]
[WhiteElo "1926"]
[BlackElo "1244"]
[PlyCount "45"]
[EventDate "2023.12.27"]
[EventType "swiss"]
[EventRounds "7"]
[EventCountry "DEN"]
[SourceTitle "Live v. Freja Gronnemose"]

1. b3 e5 2. Bb2 Nc6 3. e3 d5 4. Bb5 Bd6 5. Nf3 Ne7 
6. Nxe5 O-O 7. Nxc6 bxc6 8. Be2 Bf5 9. O-O Qd7 10. f4 10... 
c5 11. g4 Bg6 12. f5 Nxf5 13. gxf5 Bxf5 14. Kh1 Bh3 15. Rg1 
g6 16. Bg4 Bxg4 17. Qxg4 f5 18. Qf3 Qf7 19. Nc3 c6 20. Ne2 
20... Rae8 21. Raf1 Qc7 22. Ng3 Qf7 23. Ne2 1-0

[Event "Oebro CXU Nytaar 2023"]
[Site "Copenhagen"]
[Date "2023.12.28"]
[Round "3"]
[Board "19"]
[White "Larssen, Kasper Rolf"]
[Black "Jensen, Benjamin Lau"]
[Result "0-1"]
[WhiteElo "1489"]
[BlackElo "1889"]
[PlyCount "100"]
[EventDate "2023.12.27"]
[EventType "swiss"]
[EventRounds "7"]
[EventCountry "DEN"]
[SourceTitle "Live v. Freja Gronnemose"]

1. e4 c5 2. d4 cxd4 3. c3 Nf6 4. e5 Nd5 5. Nf3 Nc6 
6. Bc4 Nb6 7. Bb3 d5 8. exd6 Qxd6 9. O-O Be6 10. Na3 10... 
Bxb3 11. Qxb3 Qd5 12. Nb5 Qxb3 13. axb3 O-O-O 14. cxd4 a6 15. Nc3 
f6 16. Be3 Nd5 17. Rfc1 g5 18. Ne4 e6 19. Rxa6 bxa6 20. Rxc6+ 
20... Kd7 21. Rxa6 Be7 22. Ne1 Ra8 23. Rxa8 Rxa8 24. Kf1 f5 25. 
Nc5+ Bxc5 26. dxc5 Rb8 27. Bxg5 Rxb3 28. Bc1 Kc6 29. Nf3 Rb7 30. 
Nd4+ 30... Kxc5 31. Nxe6+ Kc4 32. Ng5 Kd3 33. Nf3 Kc2 34. Be3 Rxb2 
35. Nd4+ Kd3 36. g3 Nxe3+ 37. fxe3 Ke4 38. Kg1 Ra2 39. h3 h5 
40. Ne6 40... Kf3 41. Ng7 Rg2+ 42. Kf1 Rxg3 43. Nxf5 Rxh3 44. Kg1 
Ke4 45. Kg2 Rf3 46. Ng3+ Kxe3 47. Nxh5 Rf5 48. Ng3 Rg5 49. Kh2 
Kf3 50. Nh1 50... Rg7 0-1

[Event "Oebro CXU Nytaar 2023"]
[Site "Copenhagen"]
[Date "2023.12.28"]
[Round "3"]
[Board "20"]
[White "Saravana, Vedant Kumar"]
[Black "Vehl, Tina"]
[Result "1-0"]
[WhiteElo "1939"]
[BlackElo "1728"]
[PlyCount "121"]
[EventDate "2023.12.27"]
[EventType "swiss"]
[EventRounds "7"]
[EventCountry "DEN"]
[SourceTitle "Live v. Freja Gronnemose"]

1. e4 c5 2. Nf3 d6 3. d4 cxd4 4. Nxd4 Nf6 5. Nc3 a6 
6. Be2 e5 7. Nb3 Be7 8. O-O Be6 9. Be3 Nbd7 10. a4 10... 
Rc8 11. Qd2 O-O 12. a5 Qc7 13. Rfd1 Nc5 14. Nxc5 dxc5 15. Nd5 
Nxd5 16. exd5 Rcd8 17. c4 Bf5 18. b4 Bg6 19. Qb2 Rb8 20. bxc5 
20... Bxc5 21. Bxc5 Qxc5 22. Qxe5 Rfe8 23. Qf4 Rbd8 24. Bf3 Rd6 25. 
Qd4 Rc8 26. Qxc5 Rxc5 27. Rd4 Kf8 28. Kf1 Ke7 29. Be4 f5 30. 
Bc2 30... Kf6 31. f4 Bf7 32. Bb3 h6 33. Ke1 g5 34. g3 Bh5 
35. Kd2 Be8 36. Kc3 b6 37. axb6 Rxb6 38. d6 Bd7 39. Rd5 Rxd5 
40. cxd5 40... Rxd6 41. Kd4 Bb5 42. Bc4 Bxc4 43. Kxc4 Ke7 44. Kc5 
Kd7 45. Rb1 Rf6 46. Rb7+ Kc8 47. Re7 Kd8 48. d6 gxf4 49. Kc6 
fxg3 50. hxg3 50... f4 51. Ra7 Ke8 52. gxf4 Rxf4 53. d7+ Ke7 54. 
Ra8 Rd4 55. Re8+ Kf6 56. d8=Q+ Rxd8 57. Rxd8 h5 58. Rd5 Kg6 59. 
Kb6 h4 60. Kxa6 60... Kh6 61. Kb5 1-0

[Event "Oebro CXU Nytaar 2023"]
[Site "Copenhagen"]
[Date "2023.12.28"]
[Round "4"]
[Board "1"]
[White "Hansen, Soren Bech"]
[Black "Ramsdal, Jens Albert"]
[Result "1/2-1/2"]
[WhiteElo "2170"]
[BlackElo "2413"]
[PlyCount "127"]
[EventDate "2023.12.27"]
[EventType "swiss"]
[EventRounds "7"]
[EventCountry "DEN"]
[SourceTitle "Live v. Freja Gronnemose"]

1. e4 c5 2. Nf3 d6 3. Bb5+ Bd7 4. Bxd7+ Nxd7 5. c3 Ngf6 
6. Qe2 e6 7. d4 Be7 8. e5 Nd5 9. c4 Nc7 10. Bf4 10... 
d5 11. b3 dxc4 12. bxc4 cxd4 13. Nxd4 g5 14. Bg3 Bb4+ 15. Kf1 
Qe7 16. a3 Bc5 17. Nb3 O-O-O 18. h4 h6 19. Kg1 Kb8 20. a4 
20... Bb4 21. N1d2 Nc5 22. hxg5 Nxb3 23. Nxb3 hxg5 24. Rxh8 Rxh8 25. 
Qf3 Qd7 26. Rb1 Na6 27. Qe3 Rd8 28. Qxg5 Qd3 29. Rc1 Rh8 30. 
Qe3 30... Qh7 31. Kf1 Nc5 32. Nxc5 Bxc5 33. Qf4 Qh1+ 34. Ke2 Qxg2 
35. Qf3 Qxf3+ 36. Kxf3 Rd8 37. Ke2 Kc7 38. Rd1 Rxd1 39. Kxd1 Kc6 
40. Kc2 40... Bb6 41. f3 Kc5 42. Kc3 Ba5+ 43. Kb3 Kd4 44. Bf2+ 
Kxe5 45. Bxa7 f5 46. Be3 f4 47. Bc1 Be1 48. Bb2+ Kd6 49. Ba3+ 
Kc6 50. Kc2 50... Kb6 51. Bc1 e5 52. Bb2 e4 53. Kd1 Bf2 54. 
fxe4 Kc5 55. Ke2 Be3 56. Kd3 Kb4 57. e5 Bc5 58. e6 f3 59. 
Bc3+ Kxa4 60. Be1 60... b5 61. Bf2 bxc4+ 62. Kxc4 Be7 63. Kd5 Kb5 
64. Ke4 1/2-1/2

[Event "Oebro CXU Nytaar 2023"]
[Site "Copenhagen"]
[Date "2023.12.28"]
[Round "4"]
[Board "2"]
[White "Thuesen, Mogens Henrik"]
[Black "Jacobsen, Mikkel Manosri"]
[Result "1/2-1/2"]
[WhiteElo "2036"]
[BlackElo "2322"]
[PlyCount "103"]
[EventDate "2023.12.27"]
[EventType "swiss"]
[EventRounds "7"]
[EventCountry "DEN"]
[SourceTitle "Live v. Freja Gronnemose"]

1. e4 c5 2. Nf3 Nc6 3. d4 cxd4 4. Nxd4 e5 5. Nb5 d6 
6. c4 Be6 7. N1c3 a6 8. Na3 g6 9. Nc2 Bg7 10. Be2 10... 
Nf6 11. O-O O-O 12. Be3 Rc8 13. Qd2 Ne7 14. Na3 Nc6 15. Nc2 
Ne7 16. Na3 Ne8 17. Nd5 f5 18. f3 Nf6 19. Nxf6+ Bxf6 20. Rfd1 
20... Rc6 21. Rac1 Nc8 22. Nc2 f4 23. Bf2 Bh4 24. Bxh4 Qxh4 25. 
Nb4 Rc7 26. Nd5 Rd7 27. b4 Qd8 28. a4 Ne7 29. a5 Bxd5 30. 
cxd5 30... Rc7 31. b5 axb5 32. Qb4 Qc8 33. Rb1 Rc5 34. Bxb5 Qc7 
35. Bf1 Rb8 36. Qb6 Ra8 37. Qxb7 Raxa5 38. Qxc7 Rxc7 39. Rdc1 Rxc1 
40. Rxc1 40... Ra7 41. Rb1 Kf7 42. Rb6 Rd7 43. Rb8 Ng8 44. Bb5 
Ra7 45. Rd8 Rb7 46. Bc6 Rb1+ 47. Kf2 Rb2+ 48. Kf1 Rb1+ 49. Ke2 
Rb2+ 50. Kf1 50... Rb1+ 51. Ke2 Rb2+ 52. Kf1 1/2-1/2